00450nam a2200109Ia 4500008004100000100003100041245012100072260003300193300001700226650001200243856008500255160712s9999 xx 000 0 und d aRodriguez, Ma. Corazon P.  cMa. Corazon P. RodriguezaInterpretive Stories (Kwentong Bayan) of Sariaya, Quezon and Tourism as a Lived Experience c2011bSocial Science Diliman avol. 7 no. 1 xTOURISM uhttp://journals.upd.edu.ph/index.php/socialsciencediliman/issue/view/254/showToc